000 00363nam a22001457a 4500
008 230419b ||||| |||| 00| 0 eng d
020 _a9781847697028
041 _aeng
080 _a37
082 _a37MAT
100 _a24
101 _aEDU
245 _aPRINCIPLES AND PRACTICES OF TEACHING ENGLISH AS AN INTERNATIONAL LANGUAGE
_cMATSUDA.A
942 _2udc
_cBK
999 _c59614
_d59614